00663nam a2200181Ia 4500008004100000020002200041041000800063082001700071100001900088245002600107250001100133260005200144300001000196500001800206650001500224999002100239952022100260260520s2025 xx 000 0 und d a978-93-5464-407-8 aeng a658.4012/BES aBesanko, David aEconomics of Strategy a7th ed aNew DelhibWiley India pvt Litd New delhic2025 a611p. aCat No: 14984 aMANAGEMENT c1221790d1221790 001040708CaPKSbPKSc2d2026-04-07eBharati Madhyavarti Sahakari Grahak Bhandar, Pune (Best Book Supplier, Kolhapur)g1129.00l0o658.4012/BESpPKS-25162r2026-05-20 00:00:00w2026-05-20yBKzGeneral book section